000 00456nam a2200181Ia 4500
008 230711s9999||||xx |||||||||||||| ||und||
020 _a978-93-329-02992
041 _aENG
082 _a720
_bCA-U
100 _aCatanese,Anthony J
245 0 _aUrban planning
250 _a2nd . . Ed.
260 _c2014
_aNew Delhi
_bMcGraw Hill Education(India) Private Limited
300 _a386
650 _aArchitecture
700 _aSnyder,James C
942 _cBK
999 _c5693
_d5693